000 00338nam a2200133Ia 4500
005 20260328101523.0
008 260328s9999||||xx |||||||||||||| ||und||
100 _aNelson, George
245 0 _aProblems of Design /
_cGeorge Nelson
260 _bWithney Publications
300 _a205 p.
650 _aARQUITECTURA - ELEMENTOS
942 _cBK
999 _c9672
_d9672